| 000 | 00461nam a2200181Ia 4500 | ||
|---|---|---|---|
| 001 | 9666 | ||
| 005 | 20260306161735.0 | ||
| 008 | 260306t2020||||xx |||||||||||||| ||spa|| | ||
| 041 | _aESP | ||
| 082 |
_a388.4 _bM95 |
||
| 110 | _aMunicipalidad Provincial de Arequipa | ||
| 245 | 0 | _aPlan vial provincial participativo Arequipa 2020 - 2024 | |
| 260 | _c2020 | ||
| 300 |
_a240 páginas : _c29 cm. |
||
| 650 | _aGEN | ||
| 654 | _aCHU | ||
| 942 |
_cLIB _dJUS _fJUS _2ddc _n |
||
| 999 |
_c9666 _d9666 |
||